[Event "Ch Yugoslavia"]
[Site "masterchessopen.com – Novi Sad (Yugoslavia)"]
[Round "8"]
[White "Bertok Mario (CRO)"]
[Black "Vospernik Zdravko (SLO)"]
[Result "1-0"]
[WhiteElo "2282"]
[BlackElo "2264"]

1.e4 c5 2.Nf3 d6 3.d4 cxd4 4.Nxd4 Nf6 5.Nc3 a6 6.Bg5 e6 7.Qd2 Bd7 8.O-O-O Nc6
9.f4 Be7 10.Nf3 b5 11.Bd3 Rc8 12.Kb1 b4 13.Ne2 Qb6 14.Bxf6 gxf6 15.g4 Na5
16.f5 Nb7 17.b3 Nc5 18.Nf4 a5 19.Nh5 Nxd3 20.cxd3 a4 21.Rc1 Ra8 22.Rhd1 axb3
23.axb3 Ra3 24.Kb2 Qa5 25.Ra1 Bb5 26.Nd4 Kd7 27.Nc2 Rxa1 28.Rxa1 Qb6 29.Qxb4
d5 30.Qd4 Qxd4+ 31.Nxd4 Bxd3 32.exd5 exd5 33.Kc3 Be4 34.Ra7+ Ke8 35.Ra8+ Bd8
36.Nxf6+ Ke7 37.Nxe4 dxe4 38.Nc6+ {#r} 1-0

[Event "Zt"]
[Site "masterchessopen.com – Dublin (Ireland)"]
[Round "3"]
[White "Gligoric Svetozar (SRB)"]
[Black "Conrady Alphonse (LUX)"]
[Result "1-0"]
[WhiteElo "2447"]
[BlackElo "2027"]

1.e4 c5 2.Nf3 Nc6 3.d4 cxd4 4.Nxd4 Nf6 5.Nc3 d6 6.Bg5 e6 7.Qd2 a6 8.O-O-O Bd7
9.f4 Be7 10.Nf3 b5 11.e5 b4 12.exf6 bxc3 13.Qxc3 gxf6 14.Bh4 a5 15.Kb1 Rb8
16.g4 Nb4 17.a3 Rc8 18.Qb3 Nd5 19.Rxd5 exd5 20.Qe3 Qc7 21.Nd4 Kd8 22.Bd3 Rb8
23.Re1 Re8 24.Bf5 Qb6 25.Qc3 Qc5 26.Qd3 Qb6 27.b3 Qc5 28.Kb2 a4 29.Bf2 Qc7
30.Bxd7 Qxd7 31.Qa6 Rc8 32.Qa5+ Rc7 33.Nb5 f5 34.g5 h6 35.Nxc7 Qxc7 36.Bb6
{#r} 1-0

[Event "Memorial Asztalos"]
[Site "masterchessopen.com – Balatonfured (Hungary)"]
[Round "11"]
[White "Paoli Enrico (ITA)"]
[Black "Troianescu Octav (ROM)"]
[Result "0-1"]
[WhiteElo "2300"]
[BlackElo "2330"]

1.e4 c5 2.Nf3 Nc6 3.d4 cxd4 4.Nxd4 Nf6 5.Nc3 d6 6.Bg5 e6 7.Qd2 a6 8.O-O-O Bd7
9.f4 Be7 10.Nf3 b5 11.Bd3 h6 12.Bh4 b4 13.Ne2 Qb6 14.Rhf1 Ng4 15.Bxe7 Nxe7
16.Ned4 Nxh2 17.Nxh2 Qxd4 18.Kb1 a5 19.f5 Qc5 20.Ng4 f6 21.Ne3 Rd8 22.Be2 Bc6
23.Bh5+ Kf8 24.Bf3 e5 25.Qe1 Rb8 26.Rf2 Kf7 27.Bh5+ Kg8 28.Rfd2 Bxe4 29.Rxd6
Nxf5 30.Nxf5 Qxc2+ 31.Ka1 Bxf5 32.Rc1 Qxg2 33.Qe3 Qg5 34.Qb3+ Kh7 35.Rh1 Rhc8
36.Qd1 Rc7 37.Rg1 Rbc8 {#R} 0-1

[Event "Ch Kiev"]
[Site "masterchessopen.com – Kiev (Ukraine)"]
[Round "5"]
[White "Levin Mikhail (RUS)"]
[Black "Sakharov Yuri N (RUS)"]
[Result "0-1"]
[WhiteElo "1759"]
[BlackElo "2475"]

1.e4 c5 2.Nf3 Nc6 3.d4 cxd4 4.Nxd4 Nf6 5.Nc3 d6 6.Bg5 e6 7.Qd2 a6 8.O-O-O Bd7
9.f4 Be7 10.Nf3 b5 11.e5 b4 12.exf6 bxc3 13.Qxc3 gxf6 14.Bc4 d5 15.Bxd5 exd5
16.Rhe1 O-O 17.Bh6 Bb4 18.Qd3 Bxe1 19.Nxe1 Ne7 20.Qg3+ Ng6 21.Rxd5 Re8 22.f5
Rc8 23.fxg6 hxg6 24.Bd2 Qe7 25.Qd6 Bf5 26.Qxe7 Rxe7 27.Rd6 Re6 28.Bb4 Rxd6
29.Bxd6 Be4 30.b3 f5 31.c4 Kg7 32.Kd2 g5 33.Kc3 Kf6 34.b4 Ke6 35.c5 Kd5 36.a4
f4 37.b5 axb5 38.axb5 f5 39.h3 Ra8 40.Kb2 Ra5 41.b6 Kc6 42.Nf3 Bxf3 43.gxf3 g4
{#R} 0-1

[Event "Ch Hungary"]
[Site "masterchessopen.com – Budapest (Hungary)"]
[Round "10"]
[White "Hevizi Laszlo (HUN)"]
[Black "Kluger Gyula (HUN)"]
[Result "0-1"]
[WhiteElo "2100"]
[BlackElo "2250"]

1.e4 c5 2.Nf3 Nc6 3.d4 cxd4 4.Nxd4 Nf6 5.Nc3 d6 6.Bg5 e6 7.Qd2 a6 8.O-O-O Bd7
9.f4 Be7 10.f5 Nxd4 11.Qxd4 Qa5 12.Bd3 Rc8 13.Bd2 Qc5 14.Qxc5 dxc5 15.h3 c4
16.Be2 exf5 17.exf5 Bc6 18.Rhg1 Bc5 19.Rge1 O-O 20.g4 b5 21.g5 Ne4 22.Nxe4
Bxe4 23.f6 gxf6 24.gxf6 Rfe8 25.Bg4 Rcd8 26.Be3 Rxd1+ 27.Bxd1 Bg2 28.Kd2 Bxe3+
29.Rxe3 Rxe3 30.Kxe3 Bxh3 31.Kd4 Bf5 32.c3 h6 33.Bf3 Kh7 34.Bb7 Kg6 35.Ke5 a5
36.Ba6 Bd7 37.Kd6 Be6 38.Ke7 b4 39.Bb7 bxc3 40.bxc3 h5 41.Bc6 h4 42.Bg2 h3
43.Be4+ Kg5 {#R} 0-1

[Event "It"]
[Site "masterchessopen.com – Marianske Lazne (Czech Republic)"]
[Round "14"]
[White "Fichtl Jiri (CZE)"]
[Black "Malich Burkhard Dr (GER)"]
[Result "0-1"]
[WhiteElo "2213"]
[BlackElo "2347"]

1.e4 c5 2.Nf3 Nc6 3.d4 cxd4 4.Nxd4 Nf6 5.Nc3 d6 6.Bg5 e6 7.Qd2 a6 8.O-O-O Bd7
9.f4 Be7 10.Nf3 b5 11.e5 b4 12.exf6 bxc3 13.Qxc3 gxf6 14.Bh4 d5 15.Kb1 Nb4
16.Nd4 Rc8 17.Qb3 Qa5 18.a3 Nxc2 19.Nxc2 Ba4 20.Qb7 Bxc2+ 21.Ka2 Rc7 22.Qxa6
Qxa6 23.Bxa6 Bxd1 24.Bb5+ Kf8 25.Rxd1 Rc2 26.Bf1 Kg7 27.Kb1 Rhc8 28.Be1 R2c7
29.b4 e5 30.a4 e4 31.b5 d4 32.b6 Rb8 33.a5 Bc5 34.Rd2 Bxb6 35.axb6 Rxb6+
36.Rb2 Rbc6 37.Re2 f5 38.g4 d3 39.Re3 Rb7+ {#R} 0-1

[Event "Zt"]
[Site "masterchessopen.com – Caracas (Venezuela)"]
[Round "0"]
[White "Medina-Garcia Antonio (ESP)"]
[Black "Cuellar Gacharna Miguel (COL)"]
[Result "0-1"]
[WhiteElo "2253"]
[BlackElo "2280"]

1.e4 c5 2.Nf3 Nc6 3.d4 cxd4 4.Nxd4 Nf6 5.Nc3 d6 6.Bg5 e6 7.Qd2 a6 8.O-O-O Bd7
9.f4 Be7 10.Nf3 b5 11.Bd3 b4 12.Ne2 Qc7 13.Kb1 a5 14.Ned4 Nxd4 15.Nxd4 Qb6
16.Nf3 Bc6 17.Rhe1 a4 18.Bxf6 Bxf6 19.e5 dxe5 20.Nxe5 Bxe5 21.Rxe5 O-O 22.Rh5
f5 23.Bc4 Be4 24.Qd6 Rfd8 25.Qxe6+ Kh8 26.Rc1 Rd6 27.Qf7 b3 28.Ka1 bxc2 29.Rg5
Qd4 30.Rg3 Rb6 31.Rc3 Qxc3 {#R} 0-1

[Event "It \"]
[Site "masterchessopen.com – Beverwijk (Netherlands)"]
[Round "8"]
[White "Durao Joaquim (POR)"]
[Black "Scafarelli Francesco (ITA)"]
[Result "0-1"]
[WhiteElo "1914"]
[BlackElo "2269"]

1.e4 c5 2.Nf3 Nc6 3.d4 cxd4 4.Nxd4 Nf6 5.Nc3 d6 6.Bg5 e6 7.Qd2 a6 8.O-O-O Bd7
9.f4 Be7 10.Nf3 b5 11.e5 b4 12.exf6 bxc3 13.Qxc3 gxf6 14.Bd3 d5 15.Rhe1 Rc8
16.Bh4 Nb4 17.Qb3 Qa5 18.a3 Ba4 19.axb4 Bxb4 20.Nd4 Bxb3 21.Nxb3 Qa2 22.Re3
Ke7 23.Bf5 Rhd8 {#R} 0-1

[Event "It \"]
[Site "masterchessopen.com – Moscow (Russia)"]
[Round "13"]
[White "Pietzsch Wolfgang W (GDR)"]
[Black "Kuijpers Frans A (NED)"]
[Result "1-0"]
[WhiteElo "2420"]
[BlackElo "2280"]

1.e4 c5 2.Nf3 Nc6 3.d4 cxd4 4.Nxd4 Nf6 5.Nc3 d6 6.Bg5 e6 7.Qd2 a6 8.O-O-O Bd7
9.f4 Be7 10.Nb3 b5 11.Bxf6 gxf6 12.f5 b4 13.Ne2 e5 14.Ng3 h5 15.Bc4 a5 16.Qd5
Rh7 17.Bb5 Qc7 18.Ba4 Rc8 19.Kb1 Kf8 20.Rd2 h4 21.Nf1 Qa7 22.Rd3 Kg7 23.Rh3
Nb8 24.Bxd7 Nxd7 25.Qxa5 Qf2 26.Ne3 Rxc2 27.Nxc2 Qxg2 28.Re1 Qxh3 29.Qa7 Qxh2
30.Qxd7 Bf8 31.Qa7 Kh8 32.Qg1 Qf4 33.Qe3 Bh6 34.Qxf4 Bxf4 35.Rh1 h3 36.Ne1 h2
37.Nf3 Rh3 38.Nxh2 Rxh2 39.Rxh2+ Bxh2 40.Kc2 Kg7 41.Kd3 Kh6 42.Kc4 Kg5 43.a3
bxa3 44.bxa3 {#r} 1-0

[Event "Spartakiada URS"]
[Site "masterchessopen.com – Moscow (Russia)"]
[Round "0"]
[White "Tal Mikhail N (LAT)"]
[Black "Borisenko Georgy K (UZB)"]
[Result "1-0"]
[WhiteElo "2520"]
[BlackElo "2354"]

1.e4 c5 2.Nf3 Nc6 3.d4 cxd4 4.Nxd4 Nf6 5.Nc3 d6 6.Bg5 e6 7.Qd2 a6 8.O-O-O Bd7
9.f4 Be7 10.Nf3 b5 11.a3 b4 12.axb4 Nxb4 13.Bc4 Qc7 14.Qe2 Rc8 15.Bb3 O-O
16.e5 dxe5 17.fxe5 Nfd5 18.Bxe7 Nxe7 19.Qe4 a5 20.Ng5 Ng6 21.Rhe1 Rcd8 22.Rd6
Bc6 23.Qd4 Bd5 24.Bxd5 exd5 25.Rxg6 fxg6 26.Qh4 h6 27.Ne6 g5 28.Qd4 Qe7
29.Nxf8 Qxf8 30.Rd1 Qf5 31.Rd2 Qe6 32.Kb1 Rf8 33.b3 Rf4 34.Qe3 Rf5 35.Re2 Kh7
36.Nb5 Nc6 37.Qd3 Kg8 38.Nc7 Qd7 39.Nxd5 Kh8 40.Nf4 Qxd3 41.Nxd3 Nd4 42.Re4
{#r} 1-0

[Event "Olympiad"]
[Site "masterchessopen.com – Tel Aviv (Israel)"]
[Round "10"]
[White "Mazzoni Guy (FRA)"]
[Black "Minaya Juan (COL)"]
[Result "1-0"]
[WhiteElo "2191"]
[BlackElo "2207"]

1.e4 c5 2.Nf3 Nc6 3.d4 cxd4 4.Nxd4 Nf6 5.Nc3 d6 6.Bg5 e6 7.Qd2 a6 8.O-O-O Bd7
9.f4 Be7 10.Nf3 b5 11.Bd3 b4 12.Ne2 Qc7 13.Kb1 O-O 14.Rhg1 Rfb8 15.g4 Be8
16.Bxf6 Bxf6 17.g5 Be7 18.f5 Bf8 19.Nf4 Ne5 20.Qg2 Bc6 21.Nxe5 dxe5 22.Nh5 Kh8
23.Qh3 Bc5 24.Rg4 Kg8 25.Nf6+ gxf6 26.gxf6+ Kf8 27.Rg8+ Kxg8 28.Qh6 Bf8
29.Rg1+ Kh8 30.Rg7 {#r} 1-0

[Event "Ch World (team) (under 26) (prel-B)"]
[Site "masterchessopen.com – Krakow (Poland)"]
[Date "1964.07.18"]
[Round "1"]
[White "Richardson Keith B (ENG)"]
[Black "Ostojic Predrag (YUG)"]
[Result "0-1"]
[WhiteElo "2137"]
[BlackElo "2325"]

1.e4 c5 2.Nf3 d6 3.d4 cxd4 4.Nxd4 Nf6 5.Nc3 Nc6 6.Bg5 e6 7.Qd2 a6 8.O-O-O Bd7
9.f4 Be7 10.Nf3 b5 11.e5 b4 12.exf6 bxc3 13.Qxc3 gxf6 14.Bh4 d5 15.a3 Rc8
16.Qe3 Qa5 17.Nd4 Qa4 18.c3 Rg8 19.Be2 Rb8 20.Qd3 Nxd4 21.cxd4 Bb5 22.Qxh7
Rc8+ 23.Kb1 Bxe2 24.Rc1 Kd7 25.Qxf7 Bd3+ 26.Ka1 Bg6 {#R} 0-1

[Event "Olympiad (students) (team)"]
[Site "masterchessopen.com – Sinaya (Romania)"]
[Round "4"]
[White "Hennings Artur (GER)"]
[Black "Pedersen Svend (DEN)"]
[Result "0-1"]
[WhiteElo "2260"]
[BlackElo "2210"]

1.e4 c5 2.Nf3 d6 3.d4 cxd4 4.Nxd4 Nf6 5.Nc3 Nc6 6.Bg5 e6 7.Qd2 a6 8.O-O-O Bd7
9.f4 Be7 10.Nf3 b5 11.Bd3 b4 12.Ne2 Qb6 13.Kb1 Ng4 14.Bxe7 Kxe7 15.Rhg1 Nf2
16.Rde1 a5 17.Ned4 Nxd3 18.Qxd3 Nxd4 19.Nxd4 Rac8 20.Qe3 Qc5 21.e5 d5 22.f5 a4
23.Rgf1 h6 24.Qf4 Rhf8 25.g4 a3 26.f6+ gxf6 27.exf6+ Kd8 28.Rf3 Rg8 29.h4 e5
30.Rxe5 Rxg4 31.Qe3 Qxd4 32.Re8+ Kc7 33.Rxc8+ Kxc8 {#R} 0-1

[Event "Olympiad (students) (team)"]
[Site "masterchessopen.com – Sinaya (Romania)"]
[Round "9"]
[White "Kavalek Lubomir (USA)"]
[Black "Pedersen Svend (DEN)"]
[Result "1-0"]
[WhiteElo "2527"]
[BlackElo "2210"]

1.e4 c5 2.Nc3 Nc6 3.Nge2 d6 4.d4 cxd4 5.Nxd4 Nf6 6.Bg5 e6 7.Qd2 a6 8.O-O-O Bd7
9.f4 Be7 10.Be2 b5 11.Bf3 Rc8 12.Nxc6 Bxc6 13.Bxf6 gxf6 14.f5 O-O 15.Ne2 e5
16.Kb1 a5 17.g4 Kh8 18.h4 Rg8 19.Ng3 b4 20.g5 fxg5 21.f6 Bxf6 22.hxg5 Bxg5
23.Qh2 h6 24.Nf5 Rg6 25.Nxd6 Rxd6 26.Qxe5+ Qf6 27.Qxd6 Qxf3 28.Rxh6+ Kg7
29.Rg1 f6 30.Rh4 Qe3 31.Qe7+ Kg8 32.Rhg4 Qd4 33.Qe6+ Kh7 34.Qf5+ Kh6 35.Rh1+
{#r} 1-0

[Event "Ch \"]
[Site "masterchessopen.com – URS"]
[Round "0"]
[White "Shabanov Yuri (RUS)"]
[Black "Arseniev Vladimir V (RUS)"]
[Result "1-0"]
[WhiteElo "2326"]
[BlackElo "2350"]

1.e4 c5 2.Nf3 Nc6 3.d4 cxd4 4.Nxd4 Nf6 5.Nc3 d6 6.Bg5 e6 7.Qd2 Be7 8.O-O-O a6
9.f4 Bd7 10.Nf3 b5 11.Bd3 b4 12.Ne2 Qb6 13.e5 Ng4 14.Bxe7 Nxe7 15.exd6 Nd5
16.Be4 Nf2 17.Bxd5 exd5 18.Ned4 Nxd1 19.Qe2+ Kf8 20.Qe7+ Kg8 21.Ne5 Be8 22.d7
Qd8 23.dxe8=Q+ Qxe8 24.Qxe8+ Rxe8 25.Rxd1 g5 26.Ng4 Kg7 27.fxg5 Kg6 28.Nf3 Re4
29.Nf6 Re2 30.Nxd5 Kg7 31.Nd4 Rxg2 32.Nf5+ Kf8 33.Nf6 {#r} 1-0

[Event "?"]
[Site "masterchessopen.com – Yaroslavl (Russia)"]
[Round "0"]
[White "Gipslis Aivars (LAT)"]
[Black "Rusakov Jury (RUS)"]
[Result "1-0"]
[WhiteElo "2429"]
[BlackElo "2247"]

1.e4 c5 2.Nf3 Nc6 3.d4 cxd4 4.Nxd4 Nf6 5.Nc3 d6 6.Bg5 e6 7.Qd2 a6 8.O-O-O Bd7
9.f4 Be7 10.Qe1 O-O 11.e5 Nd5 12.Bxe7 Qxe7 13.Nf5 exf5 14.Nxd5 Qe6 15.Bc4 Qh6
16.exd6 Rfe8 17.Qf1 Re4 18.g3 Rd8 19.Nb6 Be6 20.d7 Bxc4 21.Nxc4 Qe6 22.Nd6 Re2
23.Qxe2 Qxe2 24.Rhe1 Qxd1+ 25.Kxd1 g6 26.Re8+ Kg7 27.Rxd8 Nxd8 28.a4 Kf6
29.Nc8 Ke6 30.Nb6 Kd6 31.a5 Kc7 32.Kd2 Ne6 33.c3 Nc5 34.b4 Ne4+ 35.Kd3 f6
36.Kd4 {#r} 1-0

[Event "It"]
[Site "masterchessopen.com – Leningrad (Russia)"]
[Round "0"]
[White "Kholmov Ratmir D (RUS)"]
[Black "Taimanov Mark E (RUS)"]
[Result "1-0"]
[WhiteElo "2432"]
[BlackElo "2386"]

1.e4 c5 2.Nf3 Nc6 3.d4 cxd4 4.Nxd4 Nf6 5.Nc3 d6 6.Bg5 e6 7.Qd2 a6 8.O-O-O Bd7
9.f4 Be7 10.f5 { !? } 10...Rc8 11.fxe6 fxe6 12.Bc4 Nxd4 13.Qxd4 Qa5 14.Bxf6
gxf6 15.Bb3 Kd8 16.Ne2 Rc5 17.Qd3 Re5 ( 17...Bb5 18.Qe3 Bxe2 19.Qxe2 Re5
20.Qg4 Kd7 21.Qg7 { ± } ) 18.Nf4 Kc7 19.Kb1 Qb5 20.Qh3 Rxe4 21.Ng6 hxg6 (
21...Re8 22.Qxh7 Bd8 23.Rd3 { ! } ) 22.Qxh8 Qg5 23.h4 Qxg2 { ? } ( 23...Qg4 {
! } 24.h5 gxh5 25.Qxh5 Qxh5 26.Rxh5 f5 ) 24.Qg7 { ! } 24...Bd8 25.h5 Qf3 26.h6
Rh4 27.Rhe1 ( 27.Bxe6 Rxh1 28.Qxd7+ Kb8 29.Qxd8+ Ka7 30.Rc1 Qd1 { ! ??+ } )
27...d5 28.c4 d4 ( 28...Qh5 29.cxd5 Qxh6 30.Qxh6 Rxh6 31.dxe6 ) ( 28...Rh2
29.cxd5 Qf2 30.Rc1+ Kb8 31.Bc2 Ba4 32.b3 { +?? } ) 29.c5 ( 29.h7 { ! }
29...Qh5 30.Rxd4 { ! +?? } ) 29...Kc8 ( 29...Qf5+ 30.Bc2 Qxc5 31.h7 Qh5
32.Bxg6 { ! +?? } ) 30.h7 Qh5 31.Rxd4 Qxh7 32.Rxd7 {#r} 1-0

[Event "Olympiad"]
[Site "masterchessopen.com – Lugano (Switzerland)"]
[Round "0"]
[White "Matanovic Aleksandar (SRB)"]
[Black "Jansa Vlastimil (CZE)"]
[Result "1-0"]
[WhiteElo "2490"]
[BlackElo "2478"]

1.e4 c5 2.Nf3 d6 3.d4 cxd4 4.Nxd4 Nf6 5.Nc3 Nc6 6.Bg5 e6 7.Qd2 a6 8.O-O-O Bd7
9.f4 Be7 10.Nf3 b5 11.e5 b4 12.exf6 bxc3 13.Qxc3 gxf6 14.Bh4 d5 15.Kb1 Nb4
16.Nd4 Rc8 17.Qb3 Qa5 18.Be1 Ba4 19.Qa3 O-O 20.b3 e5 21.fxe5 fxe5 22.Nf5 Bc5
23.bxa4 Rc6 24.Qb3 Rb8 25.a3 Rcb6 26.Bb5 axb5 27.axb4 {#r} 1-0

[Event "Olympiad"]
[Site "masterchessopen.com – Lugano (Switzerland)"]
[Round "5"]
[White "Riego Victorio (PAR)"]
[Black "Cornelis Frans B (BEL)"]
[Result "1-0"]
[WhiteElo "2168"]
[BlackElo "2305"]

1.e4 c5 2.Nf3 Nc6 3.d4 cxd4 4.Nxd4 Nf6 5.Nc3 d6 6.Bg5 e6 7.f4 Be7 8.Qd2 a6
9.O-O-O Bd7 10.Be2 Rc8 11.Kb1 b5 12.Bxb5 axb5 13.Ndxb5 O-O 14.Nxd6 Rb8 15.e5
Nd5 16.Nxd5 Bxg5 17.Nc3 Be7 18.g3 Na5 19.b3 Qc7 20.Nce4 Bc6 21.Rhe1 Bd5 22.Re3
Rfd8 23.Rc3 Qb6 24.Qe2 f5 25.Ng5 Bxd6 26.exd6 Qxd6 27.Qh5 h6 28.Qf7+ Kh8
29.Rc7 Qf8 30.Qh5 e5 31.Rxd5 Qe8 32.Nf7+ Kg8 33.Qg6 Kf8 34.Qxf5 g6 35.Qf6 {#r}
1-0

[Event "Ch URS (team)"]
[Site "masterchessopen.com – Riga (Latvia)"]
[Round "0"]
[White "Lutikov Anatoly S (RUS)"]
[Black "Arseniev Vladimir V (RUS)"]
[Result "1-0"]
[WhiteElo "2515"]
[BlackElo "2350"]

1.e4 c5 2.Nf3 d6 3.Nc3 Nf6 4.d4 cxd4 5.Nxd4 Nc6 6.Bg5 e6 7.Qd2 a6 8.O-O-O Bd7
9.f4 Be7 10.Nf3 b5 11.Bd3 b4 12.Ne2 a5 13.e5 dxe5 14.Nxe5 Nxe5 15.fxe5 Nd5
16.Bxe7 Qxe7 17.Nf4 Bc6 18.Nxd5 exd5 19.Rhf1 O-O 20.Rde1 Rae8 21.Qf4 Bd7
22.Qg3 Kh8 23.Re2 Rb8 24.Rf6 Bb5 25.Rd6 Rfd8 26.Rxd8+ Qxd8 27.e6 fxe6 28.Bxb5
Rxb5 29.Rxe6 Kg8 30.Qe5 Rb8 31.Re7 {#r} 1-0

[Event "It"]
[Site "masterchessopen.com – Sarajevo (Bosnia & Herzegovina)"]
[Round "0"]
[White "Matulovic Milan (SRB)"]
[Black "Kelecevic Mladen (SRB)"]
[Result "1-0"]
[WhiteElo "2394"]
[BlackElo "2280"]

1.e4 c5 2.Nf3 Nc6 3.d4 cxd4 4.Nxd4 Nf6 5.Nc3 d6 6.Bg5 e6 7.Qd2 Be7 8.O-O-O a6
9.f4 Bd7 10.Nf3 b5 11.a3 b4 12.axb4 Nxb4 13.Bc4 Qc7 14.Qe2 h6 15.Bh4 Rc8
16.Bb3 Qa5 17.Kb1 Bb5 18.Nxb5 axb5 19.Nd4 Rc5 20.c3 Nc6 21.e5 dxe5 22.fxe5 Nd7
23.Nxe6 Rxe5 24.Nxg7+ Kf8 25.Qf3 {#r} 1-0

[Event "?"]
[Site "masterchessopen.com – URS"]
[Round "0"]
[White "Kozlov Vladimir N (RUS)"]
[Black "Lepeshkin Vladimir (RUS)"]
[Result "1-0"]
[WhiteElo "2360"]
[BlackElo "2350"]

1.e4 c5 2.Nf3 d6 3.d4 cxd4 4.Nxd4 Nf6 5.Nc3 Nc6 6.Bg5 e6 7.Qd2 a6 8.O-O-O Bd7
9.f4 Be7 10.Nb3 b5 11.Bxf6 gxf6 12.Kb1 Qb6 13.Be2 h5 14.Bf3 O-O-O 15.Qe2 Kb8
16.Nd5 exd5 17.exd5 Ne5 18.fxe5 dxe5 19.Bxh5 f5 20.Bxf7 Rdf8 21.Be6 Be8
22.Rdf1 Bg6 23.Qe1 Rh4 24.Na5 Bg5 25.Nc6+ Kb7 26.Qg3 Rg4 27.Qxg4 fxg4 28.Rxf8
Qc5 29.Rb8+ Kc7 30.Rc8+ Kb6 31.Nxe5 Bxc2+ 32.Ka1 Qf2 33.Rc6+ Kb7 34.Bc8+ {#r}
1-0

[Event "Ch World (students)"]
[Site "masterchessopen.com – Graz (Austria)"]
[Round "7"]
[White "Ivarsson Johnny (SWE)"]
[Black "Aijala Jouko (FIN)"]
[Result "0-1"]
[WhiteElo "2420"]
[BlackElo "2133"]

1.e4 c5 2.Nf3 Nc6 3.d4 cxd4 4.Nxd4 Nf6 5.Nc3 d6 6.Bg5 e6 7.Qd2 a6 8.O-O-O Bd7
9.f4 Be7 10.Nf3 b5 11.e5 b4 12.exf6 bxc3 13.Qxc3 gxf6 14.Bh4 d5 15.f5 Nb4
16.Kb1 Rc8 17.Qb3 Qa5 18.a3 Nxc2 19.fxe6 fxe6 20.Bd3 Nxa3+ 21.bxa3 Rc3 22.Qb8+
Kf7 23.Ne5+ Kg7 24.Qb7 Qxa3 25.Bxf6+ Bxf6 26.Bc2 Rd8 27.Rhe1 Bxe5 28.Rxe5 Qd6
{#R} 0-1

[Event "Cup URS"]
[Site "masterchessopen.com – Norway"]
[Round "5"]
[White "Tarjan James E (USA)"]
[Black "Bellin Robert (ENG)"]
[Result "1-0"]
[WhiteElo "2405"]
[BlackElo "2315"]

1.e4 c5 2.Nf3 d6 3.d4 cxd4 4.Nxd4 Nf6 5.Nc3 Nc6 6.Bg5 e6 7.Qd2 a6 8.O-O-O Bd7
9.f4 Be7 10.Nb3 b5 11.Bxf6 gxf6 12.Be2 b4 13.Nb1 e5 14.Bh5 Be6 15.f5 Bd7
16.Qd5 Rf8 17.a4 bxa3 18.Nxa3 Rc8 19.Nc4 Nb4 20.Nxd6+ Bxd6 21.Qxd6 Rxc2+
22.Kb1 Qe7 23.Na5 Qxd6 24.Rxd6 Rxg2 25.Rhd1 Bb5 26.Re6# 1-0

[Event "Olympiad"]
[Site "masterchessopen.com – Skopje (Macedonia)"]
[Round "7"]
[White "Lobigas Julian (PHI)"]
[Black "Kane George Francis (USA)"]
[Result "1-0"]
[WhiteElo "2325"]
[BlackElo "2300"]

1.e4 c5 2.Nf3 d6 3.d4 cxd4 4.Nxd4 Nf6 5.Nc3 Nc6 6.Bg5 e6 7.Qd2 a6 8.O-O-O Bd7
9.f4 Be7 10.Nf3 b5 11.Bd3 b4 12.Ne2 a5 13.Bxf6 Bxf6 14.Bb5 Be7 15.Rhe1 O-O
16.Kb1 Rb8 17.Bxc6 Bxc6 18.Ned4 Ba8 19.g4 Qc7 20.h4 Rfd8 21.h5 Bf8 22.g5 e5
23.Nf5 d5 24.Nxe5 dxe4 25.Qe2 Rxd1+ 26.Rxd1 Rd8 27.h6 g6 28.Ne3 Be7 29.b3 Rd6
30.Rxd6 Bxd6 31.Qb5 Kf8 32.Nd7+ Ke7 33.Nb6 Qa7 34.Nc8+ {#r} 1-0

[Event "?"]
[Site "masterchessopen.com – BRD"]
[Round "0"]
[White "Schmid Lothar (GER)"]
[Black "Kunsztowicz Uwe (GER)"]
[Result "1-0"]
[WhiteElo "2550"]
[BlackElo "2440"]

1.e4 c5 2.Nf3 Nc6 3.d4 cxd4 4.Nxd4 Nf6 5.Nc3 d6 6.Bg5 e6 7.Qd2 a6 8.O-O-O Bd7
9.f4 Be7 10.Nf3 b5 11.e5 b4 12.exf6 bxc3 13.Qxc3 gxf6 14.Bh4 d5 15.Kb1 a5
16.Bb5 Rc8 17.Nd4 Nxd4 18.Bxd7+ Qxd7 19.Qxd4 Rg8 20.g3 Qb5 21.Rhe1 Rc4 22.Qa7
Rf8 23.b3 Rc8 24.Qd4 a4 25.Bxf6 axb3 26.axb3 Bb4 27.Re3 Qc6 28.Qxd5 Qxc2+
29.Ka1 Bd6 30.Rxe6+ {#r} 1-0

[Event "It"]
[Site "masterchessopen.com – Dortmund (Germany)"]
[Round "0"]
[White "Kestler Hans-Guenther (GER)"]
[Black "Spassky Boris V (FRA)"]
[Result "0-1"]
[WhiteElo "2323"]
[BlackElo "2655"]

1.e4 c5 2.Nf3 Nc6 3.d4 cxd4 4.Nxd4 Nf6 5.Nc3 d6 6.Bg5 e6 7.Qd2 a6 8.O-O-O Bd7
9.f4 Be7 10.Nf3 b5 11.e5 b4 12.exf6 bxc3 13.Qxc3 gxf6 14.Bh4 d5 15.Kb1 Na5
16.f5 Rc8 17.Qd2 Qc7 18.fxe6 fxe6 19.Bxa6 Ra8 20.Be2 Nc4 21.Bxc4 Qxc4 22.b3
Qa6 23.c3 O-O 24.Ka1 d4 25.Nxd4 e5 26.Nf3 Bf5 {#R} 0-1

[Event "It"]
[Site "masterchessopen.com – Eksjo (Sweden)"]
[Round "7"]
[White "Ivarsson Johnny (SWE)"]
[Black "Bellin Robert (ENG)"]
[Result "1-0"]
[WhiteElo "2420"]
[BlackElo "2320"]

1.e4 c5 2.Nf3 d6 3.d4 cxd4 4.Nxd4 Nf6 5.Nc3 Nc6 6.Bg5 e6 7.Qd2 a6 8.O-O-O Bd7
9.f4 Be7 10.Nf3 b5 11.e5 b4 12.exf6 bxc3 13.Qxc3 gxf6 14.Bh4 d5 15.Kb1 Nb4
16.Nd4 Rc8 17.Qe3 Qa5 18.a3 Nc6 19.Nb3 Qa4 20.Bd3 Na5 21.Nxa5 Qxa5 22.Qd4 Rg8
23.Bxf6 Bc5 24.Qe5 Qb6 25.Bxh7 Rxg2 26.Rxd5 Bxa3 27.Rd3 Be7 28.Rg3 Rxg3
29.hxg3 Rc5 30.Qd4 Qa5 31.Be4 Rh5 32.Rd1 Bxf6 33.Qxf6 Qc7 34.Bg6 Ba4 35.Rd8+
{#r} 1-0

[Event "Tournament"]
[Site "masterchessopen.com – England"]
[Round "0"]
[White "Eley Brian (ENG)"]
[Black "Denman Brian (SCO)"]
[Result "1-0"]
[WhiteElo "2350"]
[BlackElo "2230"]

1.e4 c5 2.Nf3 Nc6 3.Nc3 d6 4.d4 cxd4 5.Nxd4 Nf6 6.Bg5 e6 7.Qd2 a6 8.O-O-O Bd7
9.f4 Be7 10.Nf3 b5 11.a3 h6 12.Bh4 Rb8 13.e5 dxe5 14.fxe5 Ng4 15.Bxe7 Qxe7
16.Ne4 Ngxe5 17.Nd6+ Kf8 18.Be2 Kg8 19.Qc3 Nxf3 20.Bxf3 Qg5+ 21.Kb1 b4 22.axb4
Ne5 23.Rhf1 Bb5 24.h4 Qxh4 25.Qxe5 Bxf1 26.Rxf1 Qxb4 27.Bh5 Kh7 28.Rxf7 Rhg8
29.Rf4 Qd2 30.Qe4+ {#r} 1-0

[Event "Ch Baltic Republics"]
[Site "masterchessopen.com – Gomel (Belarus)"]
[Round "0"]
[White "Uusi Gunnar (EST)"]
[Black "Kupreichik Viktor D (BLR)"]
[Result "1-0"]
[WhiteElo "2410"]
[BlackElo "2425"]

1.e4 c5 2.Nf3 d6 3.Nc3 Nc6 4.d4 cxd4 5.Nxd4 Nf6 6.Bg5 e6 7.Qd2 a6 8.O-O-O Bd7
9.f4 Be7 10.Be2 Rc8 11.Bf3 b5 12.Nxc6 Bxc6 13.Bxf6 gxf6 14.f5 b4 15.Ne2 Qa5
16.Kb1 Qe5 17.Nd4 a5 18.Rhe1 Bd7 19.Bh5 Bf8 20.fxe6 Bxe6 21.Qe2 Kd7 22.Bg4 Kc7
23.Bf5 Kb7 24.Qg4 Re8 25.Qh3 h5 26.c3 h4 27.cxb4 axb4 28.Bxe6 fxe6 29.Qb3 Qa5
30.Nxe6 Qb6 31.Nf4 d5 32.Nxd5 Qe6 33.Rc1 Rh7 34.Qa4 Bd6 35.Rc6 Kb8 36.Rxd6
Qxd6 37.Qxe8+ Kb7 38.Qb5+ Ka8 39.Qa4+ Ra7 40.Qxb4 Qa6 41.Nb6+ Kb7 42.Nc4+ {#r}
1-0

[Event "It"]
[Site "masterchessopen.com – Las Palmas (Spain)"]
[Round "0"]
[White "Huguet Bernard (FRA)"]
[Black "Saidy Anthony F (USA)"]
[Result "0-1"]
[WhiteElo "2146"]
[BlackElo "2336"]

1.e4 c5 2.Nf3 Nc6 3.d4 cxd4 4.Nxd4 Nf6 5.Nc3 d6 6.Bg5 e6 7.Qd2 a6 8.O-O-O Bd7
9.f4 Be7 10.f5 Ne5 11.fxe6 fxe6 12.Nf3 Qc7 13.Be2 Rd8 14.Bxf6 Bxf6 15.Qxd6 Qa5
16.Rd5 exd5 17.Nxe5 Bg4 18.Qa3 Qxa3 19.bxa3 Bxe5 20.Bxg4 Bxc3 {#R} 0-1